Kůrovcovití (Scolytidae) a jádrohlodovití (Platypodidae) /

Main Author: Pfeffer, Antonín, 1904-1997
Language: Czech
Published: Praha : Academia, 1989
Edition: 1. vyd.
Series: Zoologické klíče
Online Access: Digitalizovaný dokument
Physical Description: 137 s., 24 s. obr. příl.
Book
Saved in:
LEADER 01239nam a22003372a 4500
001 000050893
003 CZ BrMZK
005 20060621101947.0
007 ta
008 010907s1989 xr f cze d
015 |a cnb000052726 
020 |a 80-200-0089-5 
035 |a (OCoLC)39432384 
040 |a BOA001  |b cze 
080 |a 595.76(084.4)  |2 MRF 
100 1 |a Pfeffer, Antonín,  |d 1904-1997  |7 jk01092927  |4 aut 
245 1 0 |a Kůrovcovití (Scolytidae) a jádrohlodovití (Platypodidae) /  |c Antonín Pfeffer 
250 |a 1. vyd. 
260 |a Praha :  |b Academia,  |c 1989 
300 |a 137 s., 24 s. obr. příl. 
490 1 |a Zoologické klíče 
504 |a Obsahuje bibliografii 
830 0 |a Zoologické klíče  |0 s 
856 4 1 |u http://www.digitalniknihovna.cz/mzk/uuid/uuid:fe3ec930-947c-11e3-a744-005056827e52  |y Digitalizovaný dokument  |x NDK 
910 |a BOA001  |b PK-0111.912  |b 2-0950.265 
920 |a 000207871 
964 |a Brouci kůrovcovití - klíče 
964 |a Brouci jádrohlodovití - klíče 
990 |a BK 
996 7 |b 2619924531  |c 2-0950.265  |l MZK  |r Sklad / do 1 hodiny  |n 21  |w 000050893  |u 000020  |a 1  |e BOA001  |j MZK50  |s A 
996 7 |b 3119978705  |c PK-0111.912  |l MZK  |r Sklad / do 1 hodiny  |n 1  |w 000050893  |u 000010  |a 1  |e BOA001  |j MZK50  |s A